Normal view
MARC view
Entry Personal Name
001 - CONTROL NUMBER
- control field: 91229
003 - CONTROL NUMBER IDENTIFIER
- control field: BDCtgAUW
005 - DATE AND TIME OF LATEST TRANSACTION
- control field: 20260303115744.0
008 - FIXED-LENGTH DATA ELEMENTS
- fixed length control field: 260303|| aca||aabn | a|a d
040 ## - CATALOGING SOURCE
- Original cataloging agency: BDCtgAUW
- Transcribing agency: BDCtgAUW
100 ## - HEADING--PERSONAL NAME
- Personal name: Subramanian, Arvind
670 ## - SOURCE DATA FOUND
- Source citation: Work cat.: (BDCtgAUW)16332: Subramanian, Arvind. author, A sixth of humanity : , 2025.